Loading...
| Literature - European | 0 | 7 | 1 | 1 | 65 | 54 | 89.29 | 1 | 4 | 0.00 | 0.00 |
| History - European | 0 | 6 | 0 | 1 | 60 | 56 | 91.00 | 0 | 2 | 0.00 | 0.00 |
| Literature - American | 0 | 6 | 1 | 0 | 55 | 60 | 87.17 | 0 | 4 | 0.00 | 0.00 |
| Social Science | 0 | 5 | 0 | 0 | 50 | 59 | 78.00 | 0 | 1 | 0.00 | 0.00 |
| Literature - World | 0 | 5 | 0 | 1 | 50 | 53 | 93.80 | 1 | 2 | 0.00 | 0.00 |
| Fine Arts - Other | 0 | 5 | 1 | 2 | 45 | 66 | 102.40 | 0 | 2 | 0.00 | 0.00 |
| History - American | 0 | 4 | 0 | 0 | 40 | 15 | 72.50 | 1 | 2 | 0.00 | 0.00 |
| Literature - British | 0 | 4 | 0 | 0 | 40 | 86 | 99.25 | 0 | 0 | 0.00 | 0.00 |
| Mythology | 0 | 4 | 0 | 0 | 40 | 91 | 104.25 | 0 | 0 | 0.00 | 0.00 |
| Fine Arts - Classical Music | 0 | 3 | 0 | 1 | 30 | 69 | 95.67 | 1 | 2 | 0.00 | 0.00 |
| Philosophy | 0 | 4 | 2 | 0 | 30 | 34 | 78.25 | 1 | 1 | 0.00 | 0.00 |
| History - World | 0 | 3 | 0 | 0 | 30 | 24 | 81.00 | 1 | 2 | 0.00 | 0.00 |
| History - Other | 0 | 3 | 1 | 0 | 25 | 79 | 91.67 | 1 | 1 | 0.00 | 0.00 |
| Fine Arts - Painting and Sculpture | 0 | 2 | 1 | 1 | 15 | 63 | 100.00 | 0 | 1 | 0.00 | 0.00 |
| Religion | 0 | 1 | 0 | 0 | 10 | 73 | 73.00 | 0 | 0 | 0.00 | 0.00 |
| Geography | 0 | 0 | 1 | 0 | -5 | 0.00 | 0 | 0 | 0.00 | 0.00 |